|
|
|
|
| LEADER |
00000cam a2200000 7i4500 |
| 001 |
0000030732 |
| 005 |
20211229093000.0 |
| 020 |
|
|
|a 9971654733
|
| 090 |
0 |
0 |
|a BF637.C6
|b Z8 1988
|
| 100 |
0 |
|
|a Zuraidah Abd Rahman ,
|e author
|
| 245 |
0 |
0 |
|a Boleh saya tolong anda? :
|b pengenalan konsep pembimbing rakan sebaya dan program latihannya
|c Zuraidah Ab. Rahman
|
| 260 |
2 |
|
|a Singapore
|a Kuala Lumpur :
|b Times Books International ,
|c c1988
|
| 300 |
|
|
|a 278 ms. ;
|c 22 sm.
|
| 504 |
|
|
|a Bibliografi: ms. 275-278
|
| 650 |
|
0 |
|a Counseling
|
| 650 |
|
0 |
|a Peer counseling
|
| 999 |
|
|
|a 1000057609
|b Book
|c OPEN SHELF (30 DAYS)
|e Gong Badak Campus
|
| 999 |
|
|
|a 1000057610
|b Book
|c OPEN SHELF (30 DAYS)
|e Gong Badak Campus
|